Largest Countries by # of Characters and Continent - Statistics

General Stats
  • This quiz has been taken 83 times
  • The average score is 32 of 64
Answer Stats
Country % Correct
Democratic Republic of the Congo
96%
United States
94%
Republic of the Congo
90%
United Kingdom
90%
Saint Vincent and the Grenadines
78%
Trinidad and Tobago
73%
Federated States of Micronesia
72%
Saint Kitts and Nevis
72%
Argentina
70%
Russia
70%
Solomon Islands
70%
Australia
69%
Dominican Republic
69%
Canada
67%
Papua New Guinea
67%
South Africa
67%
Brazil
66%
Colombia
66%
Kazakhstan
66%
New Zealand
66%
Peru
64%
Central African Republic
63%
Chile
61%
Bolivia
57%
China
57%
Indonesia
55%
Chad
52%
Saudi Arabia
52%
Algeria
51%
Bosnia and Herzegovina
51%
Fiji
51%
Spain
51%
Cuba
49%
Ukraine
49%
Costa Rica
46%
Iran
46%
Samoa
46%
South Sudan
45%
Mongolia
43%
United Arab Emirates
43%
Honduras
42%
Kiribati
42%
Nicaragua
42%
Vanuatu
42%
El Salvador
40%
Mauritania
40%
Tuvalu
40%
Haiti
39%
Netherlands
39%
Liechtenstein
37%
Sudan
37%
Ethiopia
34%
Afghanistan
33%
Equatorial Guinea
31%
Bahamas
30%
Vatican City
30%
Turkey
27%
Angola
24%
Montenegro
24%
Vietnam
18%
Côte d'Ivoire
13%
Bulgaria
12%
Swaziland
10%
Lithuania
9%
No matching quizzes found
Score Distribution
Percent of People with Each Score
Percentile by Number Answered
Your Score History
You have not taken this quiz